000 00931nam a22003377a 4500
001 BR0806418
003 BR-BrBNA
005 20230928102728.0
007 ta
008 230509b bl.||||| |||| 00| 0 por d
040 _aBR-BrBNA
_bpor
_cBiblioteca Nacional de Agricultura
041 _a(Por)
072 _aM12
_b8310
090 _ 8310 BR0806418
100 1 _aGuimarães, J.I.
110 1 _aServiço Nacional de Aprendizagem Rural, Brasília, DF (Brasil)
245 1 _aTrabalhador na carcinicultura; povoamento e manejo dos viveiros
_bColeção SENAR, no. 99
260 3 _aBrasília, DF (Brasil):
_c2004.
300 _a80 p.
500 _a120 illus.
650 _aVIVEIRO
650 _aTANQUE
650 _aCAMARÃO
650 _aPÓS-LARVA
650 _aMANEJO
650 _aRAÇÃO
650 _aMODELO MATEMÁTICO
650 _aPRODUÇÃO ANIMAL
909 _a202309
_bLucia
_c55
_dLucia Elande
942 _cBK
999 _c72237
_d72237